00000000cam 2200000zi 4500
0019.963059
003CaOODSP
00520260526072445
006m     o  d f      
007cr bn|||||||||
008260525e200606##onc     obf  f000 0 fre d
040 |aCaOODSP|bfre|erda|cCaOODSP
043 |an-cn---
0861 |aT52-4/285-2006F-PDF
24500|aAviation civile : |bapprobation des calendriers de maintenance : manuel de politiques et procédures.
250 |aRévision 3.
264 1|a[Ottawa] : |bTransports Canada = Transport Canada, |cjuin 2006.
264 4|c©1998
300 |a1 ressource en ligne (iv, 27 pages)
336 |atexte|btxt|2rdacontent/fre
337 |ainformatique|bc|2rdamedia/fre
338 |aressource en ligne|bcr|2rdacarrier/fre
500 |aPublié aussi en anglais sous le titre : Civil aviation: maintenance schedule approval: policy and procedures manual.
500 |a« TP 13094F (révisé 06/2006). »
500 |a« TC-1001770. »
504 |aComprend des références bibliographiques.
520 |a« Ce document est destiné au personnel de l'Administration centrale, des régions et de l'industrie afin de les aider à élaborer et à approuver les calendriers de maintenance d'aéronefs, y compris certains des moyens permettant de modifier ces calendriers » -- Objectif, page 1.
650 6|aAéronefs|zCanada|xEntretien et réparations|xPlanification|vGuides, manuels, etc.
650 6|aEmploi du temps|zCanada|vGuides, manuels, etc.
655 7|aGuides et manuels|2rvmgf
7101 |aCanada. |bTransports Canada, |eorganisme de publication.
77508|tCivil aviation : |w(CaOODSP)9.961516
85640|qPDF|s2.01 Mo|uhttps://publications.gc.ca/collections/collection_2026/tc/T52-4-285-2006-fra.pdf
8564 |qHTML|sN/A|uhttps://tc.canada.ca/fr/aviation/publications/aviation-civile-approbation-calendriers-maintenance-manuel-politiques-procedures-tp-13094
986 |aTP 13094F
986 |aTC-1001770